| 000 | 00580nam a2200181Ia 4500 | ||
|---|---|---|---|
| 008 | 151202s9999||||xx |||||||||||||| ||und|| | ||
| 082 | _bPNVM-4879 | ||
| 100 | _aदेवभकत शं.कृ. | ||
| 245 | _aप्रतिभा लांछन. | ||
| 260 | _bय.गो.जोशी प्रका.पुणे. | ||
| 260 | _c0 | ||
| 300 | _a0 | ||
| 600 | _aदेवभकत शं.कृ. | ||
| 630 | _aप्रतिभा लांछन. | ||
| 700 | _aदेवभकत शं.कृ. | ||
| 730 | _aप्रतिभा लांछन. | ||
| 942 | _cBOOK | ||
| 999 |
_c1270877 _d1270874 |
||